Filosofía del derecho constitucional (Registro nro. 6860)

Detalles MARC
000 -LEADER
fixed length control field 01476 a2200205 4500
001 - CONTROL NUMBER
control field 59964
005 - DATE AND TIME OF LATEST TRANSACTION
control field 20260407155852.0
008 - FIXED-LENGTH DATA ELEMENTS--GENERAL INFORMATION
fixed length control field 260407a1969 arg spa d
003 - CONTROL NUMBER IDENTIFIER
control field AR-UNSa-BCEJYS
040 ## - CATALOGING SOURCE
Original cataloging agency AR-UNSa-BCEJYS
Language of cataloging spa
Transcribing agency AR-UNSa-BCEJYS
080 ## - UNIVERSAL DECIMAL CLASSIFICATION NUMBER
Universal Decimal Classification number 340.12
Common auxiliary subdivision Tendencias en la teoría del derecho. Escuelas, doctrinas jurídicas. Filosofía del derecho. Teorías sobre el Estado y el derecho<br/>
041 ## - LANGUAGE CODE
Language code of text/sound track or separate title spa
100 1# - MAIN ENTRY--PERSONAL NAME
Personal name Bidart Campos, German J.
245 10 - TITLE STATEMENT
Title Filosofía del derecho constitucional
264 #1 - PRODUCTION, PUBLICATION, DISTRIBUTION, MANUFACTURE, AND COPYRIGHT NOTICE
Place of production, publication, distribution, manufacture Buenos Aires :
Name of producer, publisher, distributor, manufacturer EDIAR
Date of production, publication, distribution, manufacture, or copyright notice 1969
300 ## - PHYSICAL DESCRIPTION
Extent 319 p.
Dimensions 20 cm.
505 ## - FORMATTED CONTENTS NOTE
Formatted contents note 1. La teoría trialista de Werner Goldschmidt – 2. Ser y deber-ser – 3. Las conductas y los repartos (y su relación con las normas) – 4. Las normas – 5. El reparto constituyente y los repartos constitucionales – 6. La constitución – 7. El derecho espontáneo – 8. El derecho judicial – 9. Validez y vigencia – 10. El fraccionamiento del régimen constitucional – 11. El poder constituyente – 12. La interpretación y la integración constitucionales – 13. Previsibilidad y coacción – 14. El valor justicia – 15. Aspectos de la justicia – 16. Los derechos individuales y su declaración a la luz del valor justicia – 17. La exigencia dikelógica de potencia (derechos) e impotencia (deberes) – 18. La injusticia y sus problemas fundamentales – 19. Los repartos autónomos -
590 ## - LOCAL NOTE (RLIN)
Local note niveau_biblio:m niveau_hierar:0
942 ## - ADDED ENTRY ELEMENTS (KOHA)
Koha item type
Existencias
Withdrawn status Lost status Damaged status Not for loan Home library Current library Shelving location Date acquired Total checkouts Full call number Barcode Date last seen Price effective from Koha item type
        Biblioteca Prof. Eusebio Cleto del Rey Biblioteca Prof. Eusebio Cleto del Rey   07/04/2026   340.12 B584 L23899 07/04/2026 07/04/2026 Libro